Acta Facultatis Iuridicae Universitatis Comenianae

Podrobná bibliografia
Ďalší autori: Vrabko, Marián, 1955- (Zostavovateľ, kompilátor), Košičiarová, Soňa, 1965- (Zostavovateľ, kompilátor), Vlková, Eva (Zostavovateľ, kompilátor), Strémy, Tomáš, 1981- (Šéfredaktor, zodpovedný redaktor)
Médium: Seriál
Jazyk:slovenčina
čeština
poľština
Fyzický popis:zv. 23-24 cm
Vydavateľské údaje: Bratislava Univerzita Komenského 1966-
ISBN:0808001615 (brož. : t. X/1987)
8022319465 (brož. : t. XXIII/2005)
8022322369 (brož. : t. XXIV/2006)
9788022323314 (brož. : t. XXV/2007)
9788022326155 (brož. : t. XXVI/2008)
9788022326339 (brož. : t. XXVII/2009)
9788022329187 (brož. : t. XXVIII/2010)
9788022331326 (brož. : t. XXIX/2011)
9788022332828 (brož. : t. XXX/2012)
0808002050 (brož. : t. XI/1988)
0808011025 (brož. : t. XIII/1990)
8022317211(brož. : t. XIV/1992)
8022307465 (brož. : t. XV/1993)
8022309176 (brož. : t. XVI/1994)
8022311332 (brož. : t. XVII/1995)
8022313297 (brož. : t. XVIII/1999)
8022314269 (brož. : t. XIX/2000)
8022315052 (brož. : t. XX/2000)
8022316466 (brož. : t. XXI/2002)
8022317918 (brož. : t. XXII/2003)
ISSN:1336-6912
Predmet:
On-line prístup:http://www.flaw.uniba.sk

MARC

LEADER 00000cas a2200000 a 4500
001 vtls001474459
003 SK-MaSNL
005 20260228162132.0
008 190102c19669999xo fr| 0000b0slo
015 |a SKSNBA1966/12-02235 (1966)  |a SKSNBA1968/08-01406 (1968)  |a SKSNBA1969/10-02041 (1969)  |a SKSNBA1973/03-00417 (1973)  |a SKSNBA1975/02-00384 (1975)  |a SKSNBA1975/06-01426 (1975)  |a SNBA 1981 (zv. I/1977)  |a SNBA1983/06 (zv. III/1979)  |a SNBA1983/10 (zv. IV/1980)  |a SNBA1985/11 (zv. V/1981)  |a SNBA1986/03 (zv. VI/1982)  |a SNBA1989/02 (zv. IX/1985)  |a SNBA1986/12 (zv. VII/1983)  |a SNBA1990/01 (zv. X/1987)  |a SNBA1990/01 (zv. XI/1988)  |a SNBA1992/03 (zv. XIII/1990)  |a SNBA1994/06 (zv. XIV/1992)  |a SNBA1996/1103024 (zv. XVI/1994)  |a SNBA1998/03-00921 (zv. XVII/1995)  |a SNBA2000/10-03491 (zv. XVIII/1999)  |a SNBA2001/03-00989 (zv. XIX/2000)  |a SNBA2001/03-03439 (zv. XX/2000)  |a SNBA2004/04-01570 (zv. XXI/2002)  |a SNBB2007/03-01037 (zv. XXII/2003)  |a SNBB2007/03-01038 (zv. XXIII/2005)  |a SNBB2007/03-01039 (zv. XXIV/2006)  |a SNBB2008/03-01095 (zv. XXV/2007)  |a SNBB2009/04-01568 (zv. XXVI/2008)  |a SNBB2009/04-01731 (zv. XXVII/2009)  |a SNBB2011/02-01201 (zv. XXVIII/2010)  |a SNBB2012/03-00596 (zv. XXIX/2011) 
020 |a 0808001615 (brož. : t. X/1987) 
020 |a 8022319465 (brož. : t. XXIII/2005) 
020 |a 8022322369 (brož. : t. XXIV/2006) 
020 |a 9788022323314 (brož. : t. XXV/2007) 
020 |a 9788022326155 (brož. : t. XXVI/2008) 
020 |a 9788022326339 (brož. : t. XXVII/2009) 
020 |a 9788022329187 (brož. : t. XXVIII/2010) 
020 |a 9788022331326 (brož. : t. XXIX/2011) 
020 |a 9788022332828 (brož. : t. XXX/2012) 
020 |a 0808002050 (brož. : t. XI/1988) 
020 |a 0808011025 (brož. : t. XIII/1990) 
020 |a 8022317211(brož. : t. XIV/1992) 
020 |a 8022307465 (brož. : t. XV/1993) 
020 |a 8022309176 (brož. : t. XVI/1994) 
020 |a 8022311332 (brož. : t. XVII/1995) 
020 |a 8022313297 (brož. : t. XVIII/1999) 
020 |a 8022314269 (brož. : t. XIX/2000) 
020 |a 8022315052 (brož. : t. XX/2000) 
020 |a 8022316466 (brož. : t. XXI/2002) 
020 |a 8022317918 (brož. : t. XXII/2003) 
022 |a 1336-6912 
035 |a SNK000429760 
040 |a SNK  |b slo  |c SNK  |d SAVUK  |e AACR2 
041 0 |a slo  |a cze  |a pol  |b eng  |b ger  |b slo 
044 |a xo  |c SK 
072 7 |a 34  |x Právo  |2 konspekt 
080 |a 34  |2 2011 
080 |a (051)  |2 2011 
080 |a 050  |2 2011 
210 0 |a Acta Fac. Iurid. Univ. Comen. 
222 0 |a Acta Facultatis Iuridicae Universitatis Comenianae 
245 0 0 |a Acta Facultatis Iuridicae Universitatis Comenianae 
246 1 3 |a Acta Facultatis Iuridicae 
246 1 3 |a Zborník Právnickej fakulty Univerzity Komenského 
246 3 3 |a Zborník prác z medzinárodného práva  |f 1979 
246 3 3 |a Problémy kodifikácie občianskeho práva v Československej socialistickej republike a v Poľskej ľudovej republike  |f 1973 
246 3 3 |a Question de L'etat et du Droit en Epoque de la Naissance des Democraties Populaires  |f 1966 
246 3 3 |a O niektorých aktuálnych otázkach správneho a finančného práva  |f 1969 
246 3 3 |a Die Juristische Bildung in der Slovakei und Ungarn Bis Zum J. 1848  |f 1968 
246 3 3 |a Štvrtá medzinárodná konferencia rodinného práva socialistických krajín 27. septembra - 1. októbra 1971  |f 1975 
246 3 3 |a Zborník statí k Víťaznému februáru  |f 1977 
246 3 3 |a Právnická vzdelanosť na Slovensku (1848-1971)  |f 1975 
246 1 3 |a Acta Facultatis juridicae  |f 1966-1977 
260 |a Bratislava  |b Univerzita Komenského  |c 1966- 
300 |a zv.  |c 23-24 cm 
310 |a 2x ročne  |b 2012- 
321 |a Nepravidelne  |b 1966-2011 
362 0 |a 1966-1977 ; n.s., T. 1 (1977)- 
500 |a Vydania z r. 1966-77 a vydanie z r. 1977 bez označenia ročníka majú samostatné názvy 
500 |a Red. 1966 Martin Vietor, Karol Rebro, Leonard Bianchi, 1968 aj Michal Gašpar, 1969 zodp. red. Anton Slovinský, 1973 zostavil Ján Bavorský, ved. red. 1977 Július Chorvát, 1979 Ján Tomko, 1975 zodp. red. Ján Bavorský a Juraj Cúth, 1/1977-2/1978 Ján Bavorský, 3/1979 Jordan Girášek, 4/1980 Ján Bavorský, 5/1981 Ján Tomko, 6/1982 Marian Posluch, 7/1983-8/1984 Andrej Bajcura, 9/1985 Marian Posluch, 10/1987 Anton Slovinský, 11/1988-13/1990 Štefánia Mertanová, 14/1992 Dušan Stanek. Zostavovateľ 15/1993 Peter Blaho, 16/1994 Mojmír Mamojka, 17/1995 Soňa Košičiarová, 18/1999 Ján Reken, 19/2000 Daniela Gregušová, 20/2000 Soňa Košičiarová, Marián Vrabko, 21/2002 Eva Vlková, T. XXII (2003) Marián Vrabko, Soňa Košičiarová, Eva Vlková; T. XXIII (2005)-XXXI/1 (2012) Eva Vlková ; 2013-2014, Pavol Kubíček ; 2015, Eduard Burda ; 2020- , Tomáš Strémy 
500 |a Podnázov od č. 1/2012: vedecký časopis Právnickej fakulty 
500 |a Evidenčné č. MK SR: EV 4725/12 
504 |a Bibliogr. odkazy ; bibliogr. 
546 |a Text aj v češ., poľ., angl. ; res. angl., nem., slov. 
650 0 7 |a právo  |2 SNKPH  |9 976 
650 0 7 |a Law  |2 SNKPHeng  |9 265417 
655 7 |a vedecké časopisy  |2 SNKPH  |9 70520 
655 7 |a Scientific journals  |2 SNKPHeng  |9 265227 
700 1 |a Vrabko, Marián,  |d 1955-  |4 com  |9 206197 
700 1 |a Košičiarová, Soňa,  |d 1965-  |4 com  |9 211055 
700 1 |a Vlková, Eva  |4 com  |9 7648 
700 1 |a Kubíček, Pavol,  |d 1951-  |4 red  |9 182243 
700 1 |a Burda, Eduard,  |d 1981-  |4 red  |9 83961 
700 1 |a Strémy, Tomáš,  |d 1981-  |4 pbd  |9 206903 
710 2 |a Univerzita Komenského v Bratislave.  |b Právnická fakulta  |4 pbl 
856 4 1 |u http://www.flaw.uniba.sk 
910 |a snk 
910 |a savuk 
910 |a spk 
916 |a 1966, 1968,1969, 1973, 1975, 1977-1985, 1987-1990, 1992-1995, 1999, 2000-2015, 2016, 2017-2018, 2019, 2020, 2021 
919 |a 80-223-1791-8 
919 |a 80-223-1946-5 
919 |a 80-223-2236-9 
919 |a 978-80-223-2331-4 
919 |a 978-80-223-2615-5 
919 |a 978-80-223-2633-9 
919 |a 978-80-223-2918-7 
919 |a 978-80-223-3132-6 
919 |a 978-80-223-3282-8 
919 |a 08-08-00205-0 
919 |a 08-08-01102-5 
919 |a 80-223-0721-1 
919 |a 80-223-0746-5 
919 |a 80-223-0917-6 
919 |a 80-223-1133-2 
919 |a 80-223-1329-7 
919 |a 80-223-1426-9 
919 |a 80-223-1505-2 
919 |a 80-223-1646-6 
919 |a 08-08-00161-5 
999 |c 6910  |d 8840 
952 |0 0  |1 0  |4 0  |7 0  |8 0  |a SNK  |b SNK  |d 2021-05-27  |f 1  |i snk2021/5877  |l 0  |o snkČSC 1423/39/2020  |p 17A1434142  |r 2026-02-21 19:29:25  |t č. 1-2  |w 2026-02-21  |y PREZ 
952 |0 0  |1 0  |4 0  |7 0  |a SNK  |b SNK  |d 2004-05-06  |f 1  |i snkPV 587/2004  |l 0  |o snkČSC 1423/22/2003  |p 17A0416375  |r 2005-01-02 00:00:00  |w 2026-02-21  |y PREZ 
952 |0 0  |1 0  |4 0  |7 0  |a SNK  |b SNK  |d 2004-05-06  |i snkPV 588/2004  |l 0  |o snkČSC 1423/22/2003 D1  |p 17A0416376  |r 2005-01-02 00:00:00  |w 2026-02-21  |y PREZ 
952 |0 0  |1 0  |4 0  |7 0  |a SNK  |b SNK  |d 2013-12-27  |f 1  |i snkKSP 4934/68  |l 0  |o snkČSC 1423/1968  |p 17A0815401  |r 2026-02-21 19:43:35  |w 2026-02-21  |y PREZ 
952 |0 0  |1 0  |4 0  |7 0  |a SNK  |b SNK  |d 2013-12-27  |f 1  |i snkKSP 8132/69  |l 0  |o snkČSC 1423/1969  |p 17A0815402  |r 2026-02-21 19:43:35  |w 2026-02-21  |y PREZ 
952 |0 0  |1 0  |4 0  |7 0  |a SNK  |b SNK  |d 2013-12-27  |f 1  |i snkKSP 1866/73  |l 0  |o snkČSC 1423/1973  |p 17A0815403  |r 2026-02-21 19:43:35  |w 2026-02-21  |y PREZ 
952 |0 0  |1 0  |4 0  |7 0  |a SNK  |b SNK  |d 2013-12-27  |f 1  |i snkKSP 1304/75  |l 0  |o snkČSC 1423/1975  |p 17A0815404  |r 2026-02-21 19:43:35  |w 2026-02-21  |y PREZ 
952 |0 0  |1 0  |4 0  |7 0  |a SNK  |b SNK  |d 2013-12-27  |f 1  |i snkKSP 4751/76  |l 0  |o snkČSC 1423/C/1975  |p 17A0815406  |r 2026-02-21 19:43:35  |w 2026-02-21  |y PREZ 
952 |0 0  |1 0  |4 0  |7 0  |a SNK  |b SNK  |d 2013-12-27  |f 1  |i snkKSP 10615/82  |l 0  |o snkČSC 1423/2/1978  |p 17A0815407  |r 2026-02-21 19:43:36  |w 2026-02-21  |y PREZ 
952 |0 0  |1 0  |4 0  |7 0  |a SNK  |b SNK  |d 2013-12-27  |f 1  |i snkKSP 4488/83  |l 0  |o snkČSC 1423/3/1979  |p 17A0815409  |r 2026-02-21 19:43:36  |w 2026-02-21  |y PREZ 
952 |0 0  |1 0  |4 0  |7 0  |a SNK  |b SNK  |d 2013-12-27  |f 1  |i snkKSP 7286/83  |l 0  |o snkČSC 1423/4/1980  |p 17A0815533  |r 2026-02-21 19:43:36  |w 2026-02-21  |y PREZ 
952 |0 0  |1 0  |4 0  |7 0  |a SNK  |b SNK  |d 2001-01-25  |f 1  |i snkKSP 9935/85  |l 0  |o snkČSC 1423/6/1982  |p 17A0267076  |r 2004-12-31 00:00:00  |w 2026-02-21  |y PREZ 
952 |0 0  |1 0  |4 0  |7 0  |a SNK  |b SNK  |d 2013-12-27  |f 1  |i snkKSP 893/92  |l 0  |o snkČSC 1423/13/1990  |p 17A0815441  |r 2026-02-21 19:43:36  |w 2026-02-21  |y PREZ  |z Vydané v roku 1991 
952 |0 0  |1 0  |4 0  |7 0  |a SNK  |b SNK  |d 2013-12-27  |f 1  |i snkKSP 4987/94  |l 0  |o snkČSC 1423/14/1992  |p 17A0815514  |r 2026-02-21 19:43:36  |w 2026-02-21  |y PREZ 
952 |0 0  |1 0  |4 0  |7 0  |a SNK  |b SNK  |d 2013-12-27  |f 1  |i snkKSP 3227/95  |l 0  |o snkČSC 1423/15/1993  |p 17A0815515  |r 2026-02-21 19:43:36  |w 2026-02-21  |y PREZ 
952 |0 0  |1 0  |4 0  |7 0  |a SNK  |b SNK  |d 2014-01-07  |f 1  |i snkKSP 5675/79  |l 0  |o snkČSC 1423/1979  |p 17A0815408  |r 2026-02-21 19:43:42  |w 2026-02-21  |y PREZ 
952 |0 0  |1 0  |4 0  |7 0  |a SNK  |b SNK  |d 2023-10-25  |i snkKSP 634/67  |l 0  |o snkČSC 1423/1966 D1  |p 17A1345708  |r 2026-02-21 19:52:29  |t R. 1966  |w 2026-02-21  |y PREZ  |z R. 1966 
952 |0 0  |1 0  |4 0  |7 0  |a SNK  |b SNK  |d 2011-01-28  |i snkKSP 812/81  |l 0  |o snkČSC 1423/1/1977 D1  |p 17A0683133  |r 2026-02-21 19:56:28  |w 2026-02-21  |y PREZ 
952 |0 0  |1 0  |4 0  |7 0  |a SNK  |b SNK  |d 2011-01-28  |i snkKSP 10616/82  |l 0  |o snkČSC 1423/2/1978 D1  |p 17A0683659  |r 2026-02-21 19:56:28  |w 2026-02-21  |y PREZ 
952 |0 0  |1 0  |4 0  |7 0  |8 1  |a SNK  |b SNK  |d 2011-01-28  |f 1  |i snkD 1156/93  |l 0  |o snkČSC 1423/8/1984   |p 17A0683115  |r 2026-02-21 19:56:28  |w 2026-02-21  |y PREZ 
952 |0 0  |1 0  |4 0  |7 0  |a SNK  |b SNK  |d 2011-01-28  |f 1  |i snkKSP 12015/88  |l 0  |o snkČSC 1423/9/1985  |p 17A0683134  |r 2026-02-21 19:56:28  |w 2026-02-21  |y PREZ  |z Vydané v roku 1988 
952 |0 0  |1 0  |4 0  |7 0  |a SNK  |b SNK  |d 2011-01-28  |f 1  |i snkKSP 10537/89  |l 0  |o snkČSC 1423/10/1987  |p 17A0683136  |r 2026-02-21 19:56:28  |w 2026-02-21  |y PREZ  |z Vydané v roku 1989 
952 |0 0  |1 0  |4 0  |7 0  |a SNK  |b SNK  |d 2011-01-28  |f 1  |i snkKSP 10539/89  |l 0  |o snkČSC 1423/11/1988  |p 17A0683112  |r 2026-02-21 19:56:29  |w 2026-02-21  |y PREZ 
952 |0 0  |1 0  |4 0  |7 0  |8 0  |a SNK  |b SNK  |d 2022-06-24  |f 1  |i snk2022/10436  |l 0  |o snkČSC 1423/40/2021  |p 17A1463542  |r 2026-02-21 20:01:16  |t č. 1-2  |w 2026-02-21  |y PREZ 
952 |0 0  |1 0  |4 0  |7 0  |8 0  |a SNK  |b SNK  |d 2022-09-07  |i snk2022/13494  |l 0  |o snkČSC 1423/39/2020 D1  |p 17A1463828  |r 2026-02-21 20:02:24  |t č. 1-2  |w 2026-02-21  |y PREZ 
952 |0 0  |1 0  |4 0  |7 3  |8 0  |a SNK  |b SNK  |d 2025-11-25  |i snk2025/19065  |l 0  |o snkČSC 1423/41/2022  |p 17A1558500  |r 2026-02-21 20:02:26  |t č. 1-2  |w 2026-02-21  |y PREZ 
952 |0 0  |1 0  |4 0  |7 3  |8 0  |a SNK  |b SNK  |d 2025-11-25  |i snk2025/19066  |l 0  |o snkČSC 1423/41/2022 D1  |p 17A1558501  |r 2026-02-21 20:02:26  |t č. 1-2  |w 2026-02-21  |y PREZ 
952 |0 0  |1 0  |4 0  |7 0  |8 0  |a SNK  |b SNK  |d 2006-11-07  |f 1  |i snk2006/23096  |l 0  |o snkČSC 1423/24/2006  |p 17A0524439  |r 2026-02-21 20:04:43  |w 2026-02-21  |y PREZ 
952 |0 0  |1 0  |4 0  |7 0  |8 0  |a SNK  |b SNK  |d 2006-11-07  |i snk2006/23097  |l 0  |o snkČSC 1423/24/2006 D1  |p 17A0524440  |r 2026-02-21 20:04:43  |w 2026-02-21  |y PREZ 
952 |0 0  |1 0  |4 0  |7 0  |a SNK  |b SNK  |d 2011-02-25  |i snkKSP 8021/85  |l 0  |o snkČSC 1423/5/1981 D1  |p 17A0688825  |r 2026-02-21 20:05:29  |w 2026-02-21  |y PREZ 
952 |0 0  |1 0  |4 0  |7 0  |8 0  |a SNK  |b SNK  |d 2011-04-14  |f 1  |i snk2011/8772  |l 0  |o snkČSC 1423/28/2010  |p 17A0679500  |r 2026-02-21 20:06:10  |w 2026-02-21  |y PREZ 
952 |0 0  |1 0  |4 0  |7 0  |8 0  |a SNK  |b SNK  |d 2011-04-14  |i snk2011/8773  |l 0  |o snkČSC 1423/28/2010 D1  |p 17A0679700  |r 2026-02-21 20:06:10  |w 2026-02-21  |y PREZ 
952 |0 0  |1 0  |4 0  |7 3  |8 0  |a SNK  |b SNK  |d 2025-11-25  |i snk2025/19112  |l 0  |o snkČSC 1423/42/2023  |p 17A1558502  |r 2026-02-21 20:11:10  |t č. 1-2  |w 2026-02-21  |y PREZ 
952 |0 0  |1 0  |4 0  |7 3  |8 0  |a SNK  |b SNK  |d 2025-11-25  |i snk2025/19115  |l 0  |o snkČSC 1423/42/2023 D1  |p 17A1558503  |r 2026-02-21 20:11:10  |t č. 1-2  |w 2026-02-21  |y PREZ 
952 |0 0  |1 0  |4 0  |7 3  |8 0  |a SNK  |b SNK  |d 2025-11-25  |i snk2025/19117  |l 0  |o snkČSC 1423/43/2024  |p 17A1558504  |r 2026-02-21 20:11:10  |t č. 1-2  |w 2026-02-21  |y PREZ 
952 |0 0  |1 0  |4 0  |7 3  |8 0  |a SNK  |b SNK  |d 2025-11-25  |i snk2025/19120  |l 0  |o snkČSC 1423/43/2024 D1  |p 17A1558505  |r 2026-02-21 20:11:10  |t č. 1-2  |w 2026-02-21  |y PREZ 
952 |0 0  |1 0  |3 rekatalogizácia  |4 0  |7 0  |a SNK  |b SNK  |d 2007-08-07  |i snkKSP 1305/75  |l 0  |o snkČSC 1423/1975 D1  |p 17A0557627  |r 2026-02-21 20:16:00  |w 2026-02-21  |y PREZ 
952 |0 0  |1 0  |4 0  |7 0  |a SNK  |b SNK  |d 2012-03-01  |i snkKSP 10538/89  |l 0  |o snkČSC 1423/10/1987 D1  |p 17A0748678  |r 2026-02-21 20:17:40  |w 2026-02-21  |y PREZ  |z Vydané v roku 1989 
952 |0 0  |1 0  |4 0  |7 0  |8 0  |a SNK  |b SNK  |d 2023-01-31  |i snk2023/1936  |l 0  |o snkČSC 1423/40/2021 D1  |p 17A1465382  |r 2026-02-21 20:17:50  |t č. 1-2  |w 2026-02-21  |y PREZ 
952 |0 0  |1 0  |4 0  |7 0  |a SNK  |b SNK  |d 2001-10-15  |i snkKSP 4988/94  |l 0  |o snkČSC 1423/14/1992 D1  |p 17A0317819  |r 2004-12-31 00:00:00  |w 2026-02-21  |y PREZ 
952 |0 0  |1 0  |4 0  |7 0  |a SNK  |b SNK  |d 2011-01-31  |i snkKSP 12016/88  |l 0  |o snkČSC 1423/9/1985 D1  |p 17A0688170  |r 2026-02-21 20:29:15  |w 2026-02-21  |y PREZ  |z Vydané v roku 1988 
952 |0 0  |1 0  |4 0  |7 0  |a SNK  |b SNK  |d 2012-06-23  |i snkKSP 9936/85  |l 0  |o snkČSC 1423/6/1982 D1  |p 17A0887744  |r 2026-02-21 20:30:12  |w 2026-02-21  |y PREZ 
952 |0 0  |1 0  |4 0  |7 0  |8 1  |a SNK  |b SNK  |d 2012-06-23  |i snkD 1157/93  |l 0  |o snkČSC 1423/8/1984 D1  |p 17A0889170  |r 2026-02-21 20:30:12  |w 2026-02-21  |y PREZ 
952 |0 0  |1 0  |4 0  |7 0  |a SNK  |b SNK  |d 2012-06-23  |i snkKSP 10540/89  |l 0  |o snkČSC 1423/11/1988 D1  |p 17A1019472  |r 2026-02-21 20:30:12  |w 2026-02-21  |y PREZ 
952 |0 0  |1 0  |4 0  |7 0  |8 0  |a SNK  |b SNK  |d 2012-06-26  |f 1  |i snk2012/12470  |l 0  |o snkČSC 1423/29/2011  |p 17A1030479  |r 2026-02-21 20:30:19  |w 2026-02-21  |y PREZ 
952 |0 0  |1 0  |4 0  |7 0  |8 0  |a SNK  |b SNK  |d 2012-06-26  |i snk2012/12471  |l 0  |o snkČSC 1423/29/2011 D1  |p 17A1030480  |r 2026-02-21 20:30:19  |w 2026-02-21  |y PREZ 
952 |0 0  |1 0  |4 0  |7 0  |a SNK  |b SNK  |d 2000-10-30  |i snkKSP 4489/83  |l 0  |o snkČSC 1423/3/1979 D1  |p 17A0255767  |r 2004-12-31 00:00:00  |w 2026-02-21  |y PREZ 
952 |0 0  |1 0  |4 0  |7 0  |a SNK  |b SNK  |d 2001-01-25  |i snkKSP 7287/83  |l 0  |o snkČSC 1423/4/1980 D1  |p 17A0267077  |r 2004-12-31 00:00:00  |w 2026-02-21  |y PREZ 
952 |0 0  |1 0  |4 0  |7 0  |a SNK  |b SNK  |d 2001-01-25  |f 1  |i snkKSP 7989/86  |l 0  |o snkČSC 1423/7/1983  |p 17A0267133  |r 2004-12-31 00:00:00  |w 2026-02-21  |y PREZ 
952 |0 0  |1 0  |4 0  |7 0  |a SNK  |b SNK  |d 2001-01-25  |f 1  |i snkKSP 8020/85  |l 0  |o snkČSC 1423/5/1981  |p 17A0267152  |r 2004-12-31 00:00:00  |w 2026-02-21  |y PREZ 
952 |0 0  |1 0  |4 0  |7 0  |a SNK  |b SNK  |d 2000-10-03  |f 1  |i snkKSP 811/81  |l 0  |o snkČSC 1423/1/1977  |p 17A0252120  |r 2004-12-31 00:00:00  |w 2026-02-21  |y PREZ 
952 |0 0  |1 0  |4 0  |7 0  |a SNK  |b SNK  |d 2000-10-03  |f 1  |i snkKSP 4524/77  |l 0  |o snkČSC 1423/1977  |p 17A0252121  |r 2004-12-31 00:00:00  |w 2026-02-21  |y PREZ 
952 |0 0  |1 0  |4 0  |7 0  |a SNK  |b SNK  |d 2000-08-24  |i snk928/20000825  |l 0  |o snkC 478  |r 2005-01-02 00:00:00  |w 2026-02-21  |y NEVYP 
952 |0 0  |1 0  |4 0  |7 0  |a SNK  |b SNK  |d 2000-08-24  |f 1  |i snkKSP 8689/2000  |l 0  |o snkČSC 1423/18/1999  |p 17A0254004  |r 2005-01-02 00:00:00  |w 2026-02-21  |y PREZ 
952 |0 0  |1 0  |4 0  |7 0  |a SNK  |b SNK  |d 2000-08-24  |i snkKSP 8690/2000  |l 0  |o snkČSC 1423/18/1999 D1  |p 17A0249165  |r 2005-01-02 00:00:00  |w 2026-02-21  |y PREZ 
952 |0 0  |1 0  |4 0  |7 0  |a SNK  |b SNK  |d 2000-10-24  |i snkKSP 5676/1979  |l 0  |o snkČSC 1423/1979 D1  |p 17A0255839  |r 2004-12-31 00:00:00  |w 2026-02-21  |y PREZ 
952 |0 0  |1 0  |4 0  |7 0  |a SNK  |b SNK  |d 1998-01-20  |f 1  |i snkKSP 528/98  |l 0  |o snkČSC 1423/17/1995  |p 17A0116793  |r 2005-01-02 00:00:00  |w 2026-02-21  |y PREZ 
952 |0 0  |1 0  |4 0  |7 0  |a SNK  |b SNK  |d 1998-01-20  |i snkKSP 529/98  |l 0  |o snkČSC 1423/17/1995 D1  |p 17A0116795  |r 2005-01-02 00:00:00  |w 2026-02-21  |y PREZ 
952 |0 0  |1 0  |4 0  |7 0  |a SNK  |b SNK  |d 1998-01-30  |i snk155/980203  |l 0  |o snkC 94  |r 2005-01-02 00:00:00  |w 2026-02-21  |y NEVYP 
952 |0 0  |1 0  |4 0  |7 0  |a SNK  |b SNK  |d 2001-01-08  |f 1  |i snkKSP 324/2001  |l 0  |o snkČSC 1423/19/2000  |p 17A0264623  |r 2005-01-02 00:00:00  |w 2026-02-21  |y PREZ 
952 |0 0  |1 0  |4 0  |7 0  |a SNK  |b SNK  |d 2001-01-08  |i snkKSP 325/2001  |l 0  |o snkČSC 1423/19/2000 D1  |p 17A0264624  |r 2005-01-02 00:00:00  |w 2026-02-21  |y PREZ 
952 |0 0  |1 0  |4 0  |7 0  |a SNK  |b SNK  |d 2001-01-18  |i snk88/20010122  |l 0  |o snkC 51  |r 2005-01-02 00:00:00  |w 2026-02-21  |y NEVYP 
952 |0 0  |1 0  |4 0  |7 0  |a SNK  |b SNK  |d 2009-06-05  |i snkKSP 7990/86  |l 0  |o snkČSC 1423/7/1983 D1  |p 17A0621246  |r 2026-02-21 20:50:05  |w 2026-02-21  |y PREZ 
952 |0 0  |1 0  |4 0  |7 0  |a SNK  |b SNK  |d 2001-08-22  |f 1  |i snkKSP 9897/2001  |l 0  |o snkČSC 1423/20/2000  |p 17A0312122  |r 2005-01-02 00:00:00  |w 2026-02-21  |y PREZ 
952 |0 0  |1 0  |4 0  |7 0  |a SNK  |b SNK  |d 2001-08-22  |i snkKSP 9898/2001  |l 0  |o snkČSC 1423/20/2000 D1  |p 17A0312123  |r 2005-01-02 00:00:00  |w 2026-02-21  |y PREZ 
952 |0 0  |1 0  |4 0  |7 0  |a SNK  |b SNK  |d 2001-08-22  |i snk754/20010823  |l 0  |o snkC 447  |r 2005-01-02 00:00:00  |w 2026-02-21  |y NEVYP 
952 |0 0  |1 0  |4 0  |7 0  |8 0  |a SNK  |b SNK  |d 2008-05-15  |f 1  |i snk2008/10602  |l 0  |o snkČSC 1423/25/2007  |p 17A0582927  |r 2026-02-21 21:12:16  |w 2026-02-21  |y PREZ 
952 |0 0  |1 0  |4 0  |7 0  |8 0  |a SNK  |b SNK  |d 2008-05-15  |i snk2008/10603  |l 0  |o snkČSC 1423/25/2007 D1  |p 17A0582928  |r 2026-02-21 21:12:17  |w 2026-02-21  |y PREZ 
952 |0 0  |1 0  |4 0  |7 0  |a SNK  |b SNK  |d 1996-09-27  |f 1  |i snkKSP 7912/96  |l 0  |o snkČSC 1423/16/1994  |p 17A0011810  |r 2005-01-01 00:00:00  |w 2026-02-21  |y PREZ 
952 |0 0  |1 0  |4 0  |7 0  |a SNK  |b SNK  |d 1996-09-27  |i snkKSP 7913/96  |l 0  |o snkČSC 1423/16/1994 D1  |p 17A0011811  |r 2005-01-01 00:00:00  |w 2026-02-21  |y PREZ 
952 |0 0  |1 0  |4 0  |7 0  |8 0  |a SNK  |b SNK  |d 2005-07-25  |f 1  |i snk2005/13009  |l 0  |o snkČSC 1423/23/2005  |p 17A0477235  |r 2026-02-21 21:22:00  |w 2026-02-21  |y PREZ 
952 |0 0  |1 0  |4 0  |7 0  |8 0  |a SNK  |b SNK  |d 2005-07-25  |i snk2005/13010  |l 0  |o snkČSC 1423/23/2005 D1  |p 17A0477236  |r 2026-02-21 21:22:00  |w 2026-02-21  |y PREZ 
952 |0 0  |1 0  |4 0  |7 0  |a SNK  |b SNK  |d 2002-10-30  |f 1  |i snkKSP 635/67  |l 0  |o snkČSC 1423/1966  |p 17A0362553  |r 2005-01-02 00:00:00  |w 2026-02-21  |y PREZ 
952 |0 0  |1 0  |4 0  |7 0  |a SNK  |b SNK  |d 2003-02-25  |f 1  |i snkKSP 2883/2003  |l 0  |o snkČSC 1423/21/2002  |p 17A0375773  |r 2005-01-02 00:00:00  |w 2026-02-21  |y PREZ 
952 |0 0  |1 0  |4 0  |7 0  |a SNK  |b SNK  |d 2003-02-25  |i snkKSP 2884/2003  |l 0  |o snkČSC 1423/21/2002 D1  |p 17A0375774  |r 2005-01-02 00:00:00  |w 2026-02-21  |y PREZ 
952 |0 0  |1 0  |4 0  |7 0  |8 0  |a SNK  |b SNK  |d 2009-11-16  |f 1  |i snk2009/20448  |l 0  |o snkČSC 1423/27/2009  |p 17A0609940  |r 2026-02-21 21:30:28  |w 2026-02-21  |y PREZ 
952 |0 0  |1 0  |4 0  |7 0  |8 0  |a SNK  |b SNK  |d 2009-11-16  |i snk2009/20449  |l 0  |o snkČSC 1423/27/2009 D1  |p 17A0609941  |r 2026-02-21 21:30:28  |w 2026-02-21  |y PREZ 
952 |0 0  |1 0  |4 0  |7 0  |8 0  |a SNK  |b SNK  |d 2013-02-15  |f 1  |i snk2013/3832  |l 0  |o snkČSC 1423/30/2012  |p 17A0867741  |r 2026-02-21 21:30:49  |w 2026-02-21  |y PREZ 
952 |0 0  |1 0  |4 0  |7 0  |8 0  |a SNK  |b SNK  |d 2013-02-15  |i snk2013/3833  |l 0  |o snkČSC 1423/30/2012 D1  |p 17A0867742  |r 2026-02-21 21:30:49  |w 2026-02-21  |y PREZ 
952 |0 0  |1 0  |4 0  |7 0  |8 0  |a SNK  |b SNK  |d 2009-09-04  |f 1  |i snk2009/15824  |l 0  |o snkČSC 1423/26/2008  |p 17A0609719  |r 2026-02-21 21:41:35  |w 2026-02-21  |y PREZ 
952 |0 0  |1 0  |4 0  |7 0  |8 0  |a SNK  |b SNK  |d 2009-09-04  |i snk2009/15826  |l 0  |o snkČSC 1423/26/2008 D1  |p 17A0609720  |r 2026-02-21 21:41:35  |w 2026-02-21  |y PREZ 
952 |0 0  |1 0  |4 0  |7 0  |a SNK  |b SNK  |d 2018-10-31  |i snkKSP 3228/95  |l 0  |o snkČSC 1423/32/2013  |p 17A1154151  |r 2026-02-21 21:58:09  |t č. 15  |w 2026-02-21  |y PREZ  |z č. 15 
952 |0 0  |1 0  |4 0  |7 0  |8 0  |a SNK  |b SNK  |d 2020-05-28  |f 1  |i snk2020/8674  |l 0  |o snkČSC 1423/38/2019  |p 17A1388246  |r 2026-02-21 22:00:40  |t č. 1-2  |w 2026-02-21  |y PREZ 
952 |0 0  |1 0  |4 0  |7 0  |8 0  |a SNK  |b SNK  |d 2020-05-28  |i snk2020/8677  |l 0  |o snkČSC 1423/38/2019 D1  |p 17A1388245  |r 2026-02-21 22:00:40  |t č. 1-2  |w 2026-02-21  |y PREZ 
952 |0 0  |1 0  |4 0  |7 0  |8 0  |a SNK  |b SNK  |d 2020-01-30  |f 1  |i snk2020/2016  |l 0  |o snkČSC 1423/37/2018  |p 17A1385688  |r 2026-02-21 22:05:35  |t č. 1-2  |w 2026-02-21  |y PREZ 
952 |0 0  |1 0  |4 0  |7 0  |8 0  |a SNK  |b SNK  |d 2018-12-18  |f 1  |i snk2018/27421  |l 0  |o snkČSC 1423/36/2017  |p 17A1341037  |r 2026-02-21 22:14:06  |t č. 1-2 + mim. č.  |w 2026-02-21  |y PREZ 
952 |0 0  |1 0  |4 0  |7 0  |8 0  |a SNK  |b SNK  |d 2016-04-22  |f 1  |i snk2016/10319  |l 0  |o snkČSC 1423/32/2013  |p 17A1099340  |r 2026-02-21 22:16:22  |t č. 1-2  |w 2026-02-21  |y PREZ 
952 |0 0  |1 0  |4 0  |7 0  |8 0  |a SNK  |b SNK  |d 2016-04-22  |i snk2016/10324  |l 0  |o snkČSC 1423/32/2013 D1  |p 17A1099339  |r 2026-02-21 22:16:22  |t č. 1-2  |w 2026-02-21  |y PREZ 
952 |0 0  |1 0  |4 0  |7 0  |8 0  |a SNK  |b SNK  |d 2016-04-22  |f 1  |i snk2016/10325  |l 0  |o snkČSC 1423/33/2014  |p 17A1099338  |r 2026-02-21 22:16:22  |t č. 1-2  |w 2026-02-21  |y PREZ 
952 |0 0  |1 0  |4 0  |7 0  |8 0  |a SNK  |b SNK  |d 2016-04-22  |i snk2016/10329  |l 0  |o snkČSC 1423/33/2014 D1  |p 17A1099337  |r 2026-02-21 22:16:22  |t č. 1-2  |w 2026-02-21  |y PREZ 
952 |0 0  |1 0  |4 0  |7 0  |8 0  |a SNK  |b SNK  |d 2016-04-22  |f 1  |i snk2016/10330  |l 0  |o snkČSC 1423/34/2015  |p 17A1099336  |r 2026-02-21 22:16:23  |t č. 1-2  |w 2026-02-21  |y PREZ 
952 |0 0  |1 0  |4 0  |7 0  |8 0  |a SNK  |b SNK  |d 2017-06-22  |i snk2017/14677  |l 0  |o snkČSC 1423/34/2015 D1  |p 17A1207832  |r 2026-02-21 22:18:29  |t č. 1-2  |w 2026-02-21  |y PREZ 
952 |0 0  |1 0  |4 0  |7 0  |8 0  |a SNK  |b SNK  |d 2017-06-22  |f 1  |i snk2017/14683  |l 0  |o snkČSC 1423/35/2016  |p 17A1207831  |r 2026-02-21 22:18:29  |t č. 1-2 + mim. číslo  |w 2026-02-21  |y PREZ 
952 |0 0  |1 0  |4 0  |7 0  |8 0  |a SNK  |b SNK  |d 2020-01-30  |i snk2020/2010  |l 0  |o snkČSC 1423/36/2017 D1  |p 17A1385689  |r 2026-02-21 22:22:42  |t č. 1-2 + mim. číslo  |w 2026-02-21  |y PREZ 
952 |0 0  |1 0  |4 0  |7 0  |8 0  |a SNK  |b SNK  |d 2020-01-30  |i snk2020/2024  |l 0  |o snkČSC 1423/37/2018 D1  |p 17A1385687  |r 2026-02-21 22:22:42  |t č. 1-2  |w 2026-02-21  |y PREZ 
952 |0 0  |1 0  |4 0  |7 0  |8 0  |a SNK  |b SNK  |d 2018-01-31  |i snk2018/2776  |l 0  |o snkČSC 1423/35/2016 D1  |p 17A1267854  |r 2026-02-21 22:26:21  |t č. 1-2 + mim. č.  |w 2026-02-21  |y PREZ